Plant tissue culture concepts and laboratory exercises (Record no. 144664)

MARC details
000 -LEADER
fixed length control field nam a22 7a 4500
005 - DATE AND TIME OF LATEST TRANSACTION
control field 20180926101219.0
008 - FIXED-LENGTH DATA ELEMENTS--GENERAL INFORMATION
fixed length control field 180926b flu||||| |||| 00| 0 eng d
020 ## - INTERNATIONAL STANDARD BOOK NUMBER
International Standard Book Number 0849320291
050 04 - LIBRARY OF CONGRESS CALL NUMBER
Classification number QK725
Item number P53 2000
245 00 - TITLE STATEMENT
Title Plant tissue culture concepts and laboratory exercises
Statement of responsibility, etc / edited by Robert N. Trigiano, Dennis J. Gray.
250 ## - EDITION STATEMENT
Edition statement 2a ed.
260 ## - PUBLICATION, DISTRIBUTION, ETC. (IMPRINT)
Place of publication, distribution, etc Boca Ratón, Fla. :
Name of publisher, distributor, etc CRC Press,
Date of publication, distribution, etc 2000.
300 ## - PHYSICAL DESCRIPTION
Extent 454 p. :
Other physical details il. ;
Dimensions 25 cm.
504 ## - BIBLIOGRAPHY, ETC. NOTE
Bibliography, etc Incluye apéndice, bibliografía e índice.
650 #7 - SUBJECT ADDED ENTRY--TOPICAL TERM
Source of heading or term lemb
Topical term or geographic name as entry element Cultivo de tejidos vegetales
Form subdivision Ejercicios
700 1# - ADDED ENTRY--PERSONAL NAME
Personal name Trigiano, Robert N.,
Relator term editor
700 1# - ADDED ENTRY--PERSONAL NAME
Personal name Gray, Dennis J.,
Relator term editora
942 ## - ADDED ENTRY ELEMENTS (KOHA)
Source of classification or shelving scheme Biblioteca del Cogreso de los Estados Unidos
Koha item type Libro
Holdings
Estado de pérdida Fuente de clasificación Estado del daño No para préstamo Ubicación permanente Ubicación actual Apartado o colección Fecha de adquisición Fuente de adquisición Edición Área del conocimiento Clasificación Código de Barras Date last seen Número de copia Tipo de recurso
  Biblioteca del Cogreso de los Estados Unidos   Uso interno Biblioteca Biblioteca de la Facultad de Biología Biblioteca de la Facultad de Biología General 26/09/2018 Donación 2a ed. Ciencias Naturales y Exactas QK725 P53 2000 BFB000006755 26/09/2018 1 Libro